|
|
|
|
| LEADER |
00000nss a2200000 a 4500 |
| 001 |
84990-5 |
| 003 |
Ucuenca |
| 005 |
20230308224243.0 |
| 008 |
000000| ||||||||r|||||||||||spa|| |
| 040 |
|
|
|b spa
|
| 041 |
0 |
|
|a spa
|
| 082 |
0 |
|
|a 300.5
|b C386a
|
| 110 |
1 |
|
|a Centro de Estudios Martianos
|9 58069
|
| 245 |
|
|
|a Anuario del Centro de Estudios Martianos
|c Centro de Estudios Martianos
|h imp
|
| 264 |
|
|
|a La Habana
|b Centro de Estudios Martianos
|c 1982
|
| 300 |
|
|
|a 428 páginas:
|c 23 cm
|
| 362 |
|
|
|a no. 5 (1982)
|
| 504 |
|
|
|a incl. ref.
|
| 650 |
|
|
|a Anuario del centro de estudios martianos
|9 195238
|
| 852 |
|
|
|a UC-CDJBV
|f Donación
|l 1
|m General
|p 00000000
|r 2
|t 84990-5
|b 0
|d CDRC
|e CDRC
|g 300.5 C386a ESTANTERIA CERRADA
|z 0000-00-00
|
| 942 |
|
|
|c SER
|
| 999 |
|
|
|c 148262
|d 148262
|